<?xml version="1.0" encoding="UTF-8"?><?xml-stylesheet type="text/xsl" href="static/style.xsl"?><OAI-PMH xmlns="http://www.openarchives.org/OAI/2.0/" xmlns:xsi="http://www.w3.org/2001/XMLSchema-instance" xsi:schemaLocation="http://www.openarchives.org/OAI/2.0/ http://www.openarchives.org/OAI/2.0/OAI-PMH.xsd"><responseDate>2026-06-01T09:21:33Z</responseDate><request verb="GetRecord" identifier="oai:riuma.uma.es:10630/29849" metadataPrefix="marc">https://riuma.uma.es/rest/oai/request</request><GetRecord><record><header><identifier>oai:riuma.uma.es:10630/29849</identifier><datestamp>2026-02-03T11:30:54Z</datestamp><setSpec>com_10630_2254</setSpec><setSpec>col_10630_37953</setSpec></header><metadata><record xmlns="http://www.loc.gov/MARC21/slim" xmlns:dcterms="http://purl.org/dc/terms/" xmlns:doc="http://www.lyncode.com/xoai" xmlns:xsi="http://www.w3.org/2001/XMLSchema-instance" xsi:schemaLocation="http://www.loc.gov/MARC21/slim http://www.loc.gov/standards/marcxml/schema/MARC21slim.xsd">
   <leader>00925njm 22002777a 4500</leader>
   <datafield ind2=" " ind1=" " tag="042">
      <subfield code="a">dc</subfield>
   </datafield>
   <datafield ind2=" " ind1=" " tag="720">
      <subfield code="a">Rivero, M.</subfield>
      <subfield code="e">author</subfield>
   </datafield>
   <datafield ind2=" " ind1=" " tag="720">
      <subfield code="a">Vilaseca, R.</subfield>
      <subfield code="e">author</subfield>
   </datafield>
   <datafield ind2=" " ind1=" " tag="720">
      <subfield code="a">Cantero, M. J.</subfield>
      <subfield code="e">author</subfield>
   </datafield>
   <datafield ind2=" " ind1=" " tag="720">
      <subfield code="a">Navarro-Pardo, E.</subfield>
      <subfield code="e">author</subfield>
   </datafield>
   <datafield ind2=" " ind1=" " tag="720">
      <subfield code="a">Ferrer, F.</subfield>
      <subfield code="e">author</subfield>
   </datafield>
   <datafield ind2=" " ind1=" " tag="720">
      <subfield code="a">Valls-Vidal, C.</subfield>
      <subfield code="e">author</subfield>
   </datafield>
   <datafield ind2=" " ind1=" " tag="720">
      <subfield code="a">Bersabé-Morán, Rosa María</subfield>
      <subfield code="e">author</subfield>
   </datafield>
   <datafield ind2=" " ind1=" " tag="260">
      <subfield code="c">2022-06-01</subfield>
   </datafield>
   <datafield ind2=" " ind1=" " tag="520">
      <subfield code="a">The aims of this study were to compare the parenting behaviors of mothers and fathers when evaluated in a free play situation at home and to study how these behaviors were related to the sociodemographic variables of the family. The study included 155 mothers and 155 fathers from the same families in Spain. The children (90 boys and 65 girls) were typically developing and were aged between 10 and 47 months old. The parents completed a sociodemographic questionnaire, and parenting behaviors in four domains (Affection, Responsiveness, Encouragement, and Teaching) were assessed from self-recorded videotapes, in accordance with the Spanish version of the PICCOLO. Our results showed both commonalities and differences between the mothers and fathers. The mean scores for the four parenting domains followed a similar pattern in both mothers and fathers: the highest mean score was in the Responsiveness domain, followed by the Affection, Encouragement, and the Teaching domains. Regarding the second aim, no differences were observed in parenting according to the child’s gender and the only domain related to the child’s age was mother’s Teaching. Mothers with a higher educational level scored higher on all parenting domains, except for Responsiveness. Family income was positively related to maternal Affection, Encouragement, and the total PICCOLO score, and to the father’s score in the&#xd;
Teaching domain. This study provides evidence that Spanish mothers and fathers show very similar strengths for promoting children’s development during interactions. These results are relevant to inform social public policies and family programs.</subfield>
   </datafield>
   <datafield ind1="8" ind2=" " tag="024">
      <subfield code="a">Rivero, M., Vilaseca, R., Cantero, M. J., Navarro-Pardo, E., Ferrer, F., Valls-Vidal, C., &amp; Bersabé, R. M. (2022) Parenting of Spanish mothers and fathers playing with their children at home.  PLoS One, 17(6), e0266762.</subfield>
   </datafield>
   <datafield ind1="8" ind2=" " tag="024">
      <subfield code="a">https://hdl.handle.net/10630/29849</subfield>
   </datafield>
   <datafield ind1="8" ind2=" " tag="024">
      <subfield code="a">10.1371/journal.pone.0266762</subfield>
   </datafield>
   <datafield tag="653" ind2=" " ind1=" ">
      <subfield code="a">Madres e hijos</subfield>
   </datafield>
   <datafield tag="653" ind2=" " ind1=" ">
      <subfield code="a">Padres e hijos</subfield>
   </datafield>
   <datafield tag="653" ind2=" " ind1=" ">
      <subfield code="a">Familia</subfield>
   </datafield>
   <datafield tag="653" ind2=" " ind1=" ">
      <subfield code="a">Juegos infantiles</subfield>
   </datafield>
   <datafield ind2="0" ind1="0" tag="245">
      <subfield code="a">Parenting of Spanish mothers and fathers playing with their children at home.</subfield>
   </datafield>
</record>
</metadata></record></GetRecord></OAI-PMH>